Delimitación y estructura del bosque seco del santuario de flora y fauna de iguaque (Registro nro. 8079)

Detalles MARC
000 -CABECERA
Campo de control 00624nmm a22001697a 4500
005 - FECHA Y HORA DE LA ULTIMA TRANSACCION
Campo de control 20131217132231.0
008 - ELEMENTOS DE LONGITUD FIJA—INFORMACION GENERAL
Campo de control 131217b2007 ck ||||| |||| 00| 0 spa d
041 ## - IDIOMA
Código de idioma para texto/pista de sonido o título separado Español
044 ## - PAÍS DE PUBLICACIÓN
País de publicación Colombia
090 ## - CLASIFICACIÓN LOCAL
Colección LB
Consecutivo 05878
100 ## - ASIENTO PRINCIPAL--NOMBRE PERSONAL
Nombre personal Monroy-González, José Daniel
245 ## - MENCION DE TITULO
Título Delimitación y estructura del bosque seco del santuario de flora y fauna de iguaque
260 ## - PUBLICACION, DISTRIBUCION, ETC. (PIE DE IMPRENTA)
Lugar de publicación, distribución, etc. Tunja
Nombre del editor, distribuidor, etc. Universidad Pedagógica y Tecnológica de Colombia
-- Parques Nacionales Naturales
-- Grupos de estudios en sistemas Andinos
Fecha de publicación, distribución, etc. 2007
300 ## - DESCRIPCION FISICA
Extensión 16 p.,
Otros detalles físicos il., mapas, gráficas,
Dimensiones 13 cm
504 ## - NOTA DE BIBLIOGRAFIA, ETC.
Nota de bibliografía Incluye bibliografía
942 ## - ELEMENTOS ADICIONALES (KOHA)
Sistema de clasificación Local
Tipo de ítem CD-ROM
Existencias
Withdrawn status Lost status Sistema de Clasificación Damaged status No para préstamo Colección Ubicación Permanente Ubicación actual Fecha de adquisición Total Checkouts Número topográfico Inventario / Código de Barras Date last seen Ejemplar Price effective from Forma de adquisición Tipo de material
    Local     Audiovisual Bogotá Bogotá 17/12/2013   LB-05878 059424 17/12/2013 Ej. 1 17/12/2013   CD-ROM